| 000 | 01952cab a22002175a 4500 | ||
|---|---|---|---|
| 001 | L139824 | ||
| 008 | 070813e20061215xxk f w 000 0 eng d | ||
| 035 | _a(Sirsi) u139824 | ||
| 041 | 0 | _aeng | |
| 245 | 0 | 0 |
_aHall Hunter Partnership V First Secretary of State and others _h[electronic resource] |
| 260 | _c2006 | ||
| 520 | _a[2006] EWHC 3482 (Admin), 15 December 2006. The appellant (H) was a farming partnership which appealed against two enforcement notices served by a local authority (W). The notices related to 45 caravans being located on H?s farm for seasonal workers, and to the erection of large plastic walk-in polytunnels across the farm for growing fresh fruit. The farm was within a designated AONB. H submitted that (1) the inspector had wrongly listed the polytunnels as development, (2) that if they were classed as development then they should be classed as permitted development since their purpose was operations, not a change of use of land, and (3) that it was incorrect to say that the stationing of caravans on the farm was not permitted. "Held": (1) The size, degree of permanence and circumstances had been considered by the planning inspector. There was no conceivable error of law as to whether polytunnels represented development. (2) The inspector had characterised the activities as a use of land, not as operations, and this was correct. (3) The evidence showed that the land was in use as a caravan site beyond mere seasonal use. | ||
| 650 | 2 | 4 | _aR V FIRST SECRETARY OF STATE AND OTHERS |
| 650 | 2 | 4 | _aTOWN AND COUNTRY PLANNING (GENERAL PERMITTED DEVELOPMENT) ORDER 1995 |
| 650 | 2 | 4 | _aSKERRITTS OF NOTTINGHAM LTD V SOS ENVIRONMENT |
| 650 | 2 | 4 | _aTOWN AND COUNTRY PLANNING ACT 1990 S55(1) |
| 651 | 4 |
_aEngland and Wales _y1543- |
|
| 690 |
_aPlanning and development _96259 |
||
| 856 | 4 | 0 |
_uhttps://www.bailii.org/ew/cases/EWHC/Admin/2006/3482.html _zView the judgement free of charge at www.bailii.org... |
| 942 | _n0 | ||
| 999 |
_c79096 _d79096 |
||